Transferové oceňovanie, ich význam a využitie v podnikateľskom prostredí diplomová práca

Salvato in:
Dettagli Bibliografici
Autore principale: Slavkovský, Peter
Ente Autore: Fakulta podnikového manažmentu EU. Katedra podnikovohospodárska
Altri autori: Kufelová, Iveta, 1970-
Natura: Libro
Lingua:slovacco
Pubblicazione: Bratislava 2017
Tags: Aggiungi Tag
Nessun Tag, puoi essere il primo ad aggiungerne!!

MARC

LEADER 00000nbm a2200000 4500
001 0232225
005 20171030111200.6
041 0 |a slo 
044 |a SK 
245 1 0 |a Transferové oceňovanie, ich význam a využitie v podnikateľskom prostredí  |b diplomová práca  |c Peter Slavkovský ; školiteľ: Iveta Kufelová 
264 1 |a Bratislava  |c 2017 
300 |a 75 s. 
100 1 |a Slavkovský, Peter 
700 1 |a Kufelová, Iveta, 1970- 
710 2 |a Fakulta podnikového manažmentu EU. Katedra podnikovohospodárska